| 000 | 00806nam a2200277Ia 4500 | ||
|---|---|---|---|
| 003 | OSt | ||
| 005 | 20220912150810.0 | ||
| 006 | a|||||r|||| 00| 0 | ||
| 007 | ta | ||
| 008 | 220909b |||||||| |||| 00| 0 eng d | ||
| 020 | _a0340692294 (pbk) | ||
| 024 | _a1418 | ||
| 037 | _cTextual | ||
| 040 |
_aCSL _beng _cCSL |
||
| 041 | _aeng | ||
| 082 | _aB2817, P2-;1 TB28 | ||
| 100 | _aBrewer Ken | ||
| 245 | 0 | _aCombined survey sampling inference: weighing Basu's Elephants | |
| 260 |
_aLondon _bArnold _c2002 |
||
| 300 |
_axii, 316p. _ccm. |
||
| 500 |
_aAppendix A-C 297-302p. _ccm.; Bibliographical references 303-309p; Index 310-316p |
||
| 650 | _a Mathematics | ||
| 650 | _aSampling | ||
| 942 |
_hB2817, P2-;1 TB28 _cTEXL _2CC |
||
| 999 |
_c55333 _d55333 |
||